How to teach mathematics : a personal perspective /

Guardado en:
Autor Principal: Krantz, Steven G. 1951-
Formato: Libro
Idioma:English
Publicado: Providence, R.I. : American Mathematical Society, c1993.
Materias:
Etiquetas: Agregar Etiqueta
Sin Etiquetas, Sea el primero en etiquetar este registro!
LEADER 00680pam a2200193 a 4500
001 MAT.inmabb006353
008 930414s1993####riu######b####001#0#eng##
005 20130404091827.0
245 1 0 |a How to teach mathematics :  |b a personal perspective /  |c Steven G. Krantz. 
260 |a Providence, R.I. :  |b American Mathematical Society,  |c c1993. 
300 |a x, 76 p. ;  |c 26 cm. 
504 |a Incluye referencias bibliográficas (p. 71) e índice. 
020 |a 082180197X 
100 1 |a Krantz, Steven G.  |q (Steven George),  |d 1951- 
650 0 |a Mathematics  |x Study and teaching. 
084 |a 97Dxx  |2 msc2000 
010 |a  93019653  
040 |a DLC  |c DLC  |d DLC 
859 |h 97  |i K89  |p A-7416  |b BIB. MATEMATICA